日本レコード大賞受賞曲 - Statistics

General Stats
  • This quiz has been taken 28 times
  • The average score is 14 of 69
Answer Stats
歌手名 受賞曲名 % Correct
Foorin パプリカ
81%
LiSA
81%
Mrs. GREEN APPLE ライラック
77%
コブクロ
69%
Mrs. GREEN APPLE ケセラセラ
69%
SEKAI NO OWARI Habit
65%
三代目 J SOUL BROTHERS from EXILE TRIBE R.Y.U.S.E.I.
65%
AKB48 フライングゲット
54%
サザンオールスターズ TSUNAMI
50%
ポップス・ロック部門      KAN 愛は勝つ
46%
乃木坂46 インフルエンサー
46%
1990年 ポップス・ロック部門   B,Bクイーンズ おどるポンポコリン
38%
第60回(2018) 乃木坂46 シンクロニシティ
38%
Mr.Children innocent world
38%
第30回(1988) 光GENJI パラダイス銀河
35%
ポップス・ロック部門     米米CULB 君がいるだけで
35%
寺尾聰 ルビーの指輪
31%
Mr.Children Sign
31%
細川たかし 北酒場
27%
安室奈美恵 CAN YOU CELEBRATE?
27%
第20回(1978) ピンク・レディー UFO
27%
AKB48 真夏のSounds good !
23%
第50回(2008) EXILE Ti Amo
23%
GLAY Winter,again
23%
尾崎紀世彦 また逢う日まで
19%
ジュディ・オング 魅せられて
19%
西野カナ あなたの好きなところ
19%
沢田研二 勝手にしやがれ
15%
EXILE I Wish For You
15%
浜崎あゆみ Voyage
15%
橋幸夫、吉永小百合 いつでも夢を
12%
梓みちよ こんにちは赤ちゃん
12%
ちあきなおみ 喝采
12%
五木ひろし 夜空
12%
布施明 シクラメンのかほり
12%
都はるみ 北の宿から
12%
八代亜紀 雨の慕情
12%
Wink 淋しい熱帯魚
12%
中森明菜 DESIRE -情熱-
12%
第1回(1959) 水原弘 黒い花びら
8%
美空ひばり
8%
森進一 襟裳岬
8%
細川たかし 矢切の渡し
8%
中森明菜 ミ・アモーレ
8%
近藤真彦 愚か者
8%
倖田來未 Butterfly
8%
EXILE Someday
8%
三代目 J SOUL BROTHERS from EXILE TRIBE Unfair World
8%
フランク永井 君恋し
4%
五木ひろし 長良川艶歌
4%
Da-iCE CIRTUS
4%
浜崎あゆみ Dearest
4%
安室奈美恵 Don't wanna cry
4%
EXILE EXILE PRIDE 〜こんな世界を愛するため〜
4%
浜崎あゆみ No way to say
4%
松尾和子、和田弘とマヒナスターズ 誰よりも君を愛す
0%
青山和子 愛と死をみつめて
0%
橋幸夫 霧氷
0%
ジャッキー吉川とブルー・コメッツ ブルー・シャトゥ
0%
第10回(1968) 黛ジュン 天使の誘惑
0%
佐良直美 いいじゃないの幸せならば
0%
菅原洋一 今日でおわかれ
0%
1990年 演歌・歌謡曲部門     堀内孝雄 恋歌綴り
0%
演歌・歌謡曲部門      北島三郎 北の大地
0%
演歌・歌謡曲部門      大月みやこ 白い海峡
0%
第35回(1993)  香西かおり 無言坂
0%
氷川きよし 一剣
0%
trf Overnight Sensation 〜時代はあなたに委ねてる〜
0%
第40回(1998) globe wanna Be A Dreammaker
0%
No matching quizzes found
Score Distribution
Percent of People with Each Score
Percentile by Number Answered
Your Score History
You have not taken this quiz